Investors Chronicle Hillier Parker rent index . - Number 1 (November 1977) - Number 21 (November 1987) (Record no. 90459)

MARC details
000 -LEADER
fixed length control field 00964cam a2200265 4500
001 - CONTROL NUMBER
control field B665
008 - FIXED-LENGTH DATA ELEMENTS--GENERAL INFORMATION
fixed length control field 090401t1987 xxu||||| |||| 00| 0 eng d
035 ## - SYSTEM CONTROL NUMBER
System control number (Sirsi) u37266
041 ## - LANGUAGE CODE
Language code of text/sound track or separate title eng
050 ## - LIBRARY OF CONGRESS CALL NUMBER
Classification number 333.337016
110 ## - MAIN ENTRY--CORPORATE NAME
Corporate name or jurisdiction name as entry element Investors Chronicle
9 (RLIN) 2657
245 ## - TITLE STATEMENT
Title Investors Chronicle Hillier Parker rent index . - Number 1 (November 1977) - Number 21 (November 1987)
260 ## - PUBLICATION, DISTRIBUTION, ETC.
Place of publication, distribution, etc. London
Name of publisher, distributor, etc. Investors Chronicle Hillier Parker May a
Date of publication, distribution, etc. 1977-1987
350 ## - PRICE (NR) (BK AM CF MU VM SE) [OBSOLETE]
Price 0
520 ## - SUMMARY, ETC.
Summary, etc. Published twice a year. - Nos. 1 - 18 bound in one vol. shelved at Reserve shelf 317. Continued as part of ICHP Property Market Indicators q.v. - From March 1991 published in a new series of ICHP Rent Index q.v.
650 ## - SUBJECT ADDED ENTRY--TOPICAL TERM
Topical term or geographic name entry element ICHP RENT INDEX
650 ## - SUBJECT ADDED ENTRY--TOPICAL TERM
Topical term or geographic name entry element INDEXES
650 ## - SUBJECT ADDED ENTRY--TOPICAL TERM
Topical term or geographic name entry element INDUSTRIAL PROPERTY
650 ## - SUBJECT ADDED ENTRY--TOPICAL TERM
Topical term or geographic name entry element OFFICES
650 ## - SUBJECT ADDED ENTRY--TOPICAL TERM
Topical term or geographic name entry element PROPERTY MARKET INDICATORS
650 ## - SUBJECT ADDED ENTRY--TOPICAL TERM
Topical term or geographic name entry element SHOPS
710 ## - ADDED ENTRY--CORPORATE NAME
Corporate name or jurisdiction name as entry element Hillier Parker May and Rowden
9 (RLIN) 2042
942 ## - ADDED ENTRY ELEMENTS (KOHA)
Suppress in OPAC 0
948 ## - LOCAL PROCESSING INFORMATION (OCLC); SERIES PART DESIGNATOR (RLIN)
c (OCLC) 04/03/1997
Holdings
Withdrawn status Lost status Source of classification or shelving scheme Damaged status Not for loan Home library Current library Shelving location Date acquired Total Checkouts Full call number Barcode Date last seen Copy number Price effective from Koha item type
    Dewey Decimal Classification     London London Property market reports 22/08/1991   LIBRARY ANNEXE 30027361 06/08/2019 1 06/08/2019 Book
    Dewey Decimal Classification     London London Basement 11/08/1994   LIBRARY ANNEXE 30042294 06/08/2019 1 06/08/2019 Reference material
    Dewey Decimal Classification     London London Property market reports 10/08/2000   LIBRARY ANNEXE 30027388 06/08/2019 3 06/08/2019 Book
    Dewey Decimal Classification     London London Property market reports 10/08/2000   LIBRARY ANNEXE 30027343 06/08/2019 4 06/08/2019 Book
    Dewey Decimal Classification     London London Property market reports 10/08/2000   LIBRARY ANNEXE 30027380 06/08/2019 5 06/08/2019 Book